Statistics for Chinese drama couple quiz

Click here to take the quiz!

General Stats

  • This quiz has been taken 52 times
  • The average score is 5 of 25

Answer Stats

HintAnswer% Correct
XuKai and ChengxiaoFalling into your smile
60%
Dilireba and YangYangYou are my glory
57%
Linyi and XingfeiPut your head on my shoulder
51%
Chen zheyuan and Xu mengjieOur Secret
49%
Dylan wang and ShenyueMeteor Garden
46%
Xiao Zhan and Wang yiboThe Untamed
46%
Zhao lusi and Ding yuxiRomance of tiger and rose
31%
Shen Yue and HuyitianA love so beautiful
29%
Yangzi and DenglunAshes of love
23%
Tan Songyun and Song WeilongGo Ahead
23%
Wu lei and ZhaolusiLove like the galaxy
20%
Bailu and Ren jialunOne and Only
20%
Xiao Zhan and YangziThe oath of love
17%
Zhao liying and Wang yiboLegend of Fei
14%
Esther yu and Mike AngeloMy amazing boyfriend
14%
Laikuanlin and Zhao jingmaiA little thing called first love
6%
Gongjun and QiaoxinDream garden
6%
He luoluo and Dai LuwaLove Crossed
6%
Chen Xiao and Liu yi feiA dream of splendor
3%
MIke Angelo and Ju JingyiMr swimmer
3%
Wu Xuanyi and Bi WenjunSweet tooth
3%
Bailu and Xukai (gudai)The legends
3%
Zhang Zhehan and GongjuWorld of honor
3%
Ju JingYi and Zheng YeChengLove under the full moon
0%
Yangmi and Chen WeitingNovoland pearl eclipse
0%

Score Distribution

Percentile by Number Answered

Percent of People with Each Score

Your Score History

You have not taken this quiz